Questions of the faith {ch} : (Record no. 25847)
[ view plain ]
| 000 -LEADER | |
|---|---|
| fixed length control field | 00538nam a2200145 4500 |
| 008 - FIXED-LENGTH DATA ELEMENTS--GENERAL INFORMATION | |
| fixed length control field | 060208s1977 ch chic |
| 090 ## - LOCALLY ASSIGNED LC-TYPE CALL NUMBER (OCLC); LOCAL CALL NUMBER (OCLC) | |
| Classification number (OCLC) (R) ; Classification number, CALL (RLIN) (NR) | BT10 |
| Local cutter number (OCLC) ; Book number/undivided call number, CALL (RLIN) | W95q |
| -- | 1977 |
| 100 1# - MAIN ENTRY--PERSONAL NAME | |
| Personal name | Wu, Elisha |
| 245 10 - TITLE STATEMENT | |
| Title | Questions of the faith {ch} : |
| Remainder of title | with added question supplement / |
| Statement of responsibility, etc | by Elisha Wu. |
| 260 ## - PUBLICATION, DISTRIBUTION, ETC. (IMPRINT) | |
| Place of publication, distribution, etc | Taipei : |
| Name of publisher, distributor, etc | China Sunday School Association, |
| Date of publication, distribution, etc | c1977. |
| 300 ## - PHYSICAL DESCRIPTION | |
| Extent | 317 p. |
| 650 #4 - SUBJECT ADDED ENTRY--TOPICAL TERM | |
| Topical term or geographic name as entry element | Theology, Doctrinal |
| General subdivision | Collected works {ch}. |
| 951 ## - EQUIVALENCE OR CROSS-REFERENCE-GEOGRAPHIC NAME/AREA NAME [OBSOLETE] [CAN/MARC only] | |
| General subdivision | 00032311 |
| 740 02 - ADDED ENTRY--UNCONTROLLED RELATED/ANALYTICAL TITLE | |
| Uncontrolled related/analytical title | Qing nian xin yang wen ti . |
| 951 ## - EQUIVALENCE OR CROSS-REFERENCE-GEOGRAPHIC NAME/AREA NAME [OBSOLETE] [CAN/MARC only] | |
| -- | C-7186 |
| -- | BT10/W95q/1977 |
| -- | 070613111540843 |
| -- | 2000-12-21 |
| -- | CH |
| Withdrawn status | Lost status | Damaged status | Not for loan | Home library | Current library | Shelving location | Date acquired | Accession number | Shelving control number | Total Checkouts | Full call number | Barcode | Date last seen | Price effective from | Koha item type |
|---|---|---|---|---|---|---|---|---|---|---|---|---|---|---|---|
| BSOP Library | BSOP Library | Chinese Books (General Circulation) | 12/21/2000 | C-7186 | 127 | BT10/W95q/1977 | 00032311 | 02/23/2013 | 02/23/2013 | Books |
